| 000 | 00361nam a2200145Ia 4500 | ||
|---|---|---|---|
| 008 | 220217s9999||||xx |||||||||||||| ||und|| | ||
| 020 | _a9788172866877 | ||
| 082 | _a510 DSC | ||
| 100 | _aD.S.C | ||
| 245 | 0 | _aDiscrete Mathematical Stracture | |
| 250 | _a4 | ||
| 260 |
_aPrism book house _bBangalore _c2011 |
||
| 300 |
_a439 _b325 |
||
| 650 | _aMATHEMATICS | ||
| 999 |
_c182602 _d182602 |
||